QUEST Central Library Banner

Digital signal processing : (Record no. 7915)

MARC details
000 -LEADER
fixed length control field 00416nam a2200133 a 4500
100 1# - MAIN ENTRY--AUTHOR NAME
Personal name Khanna, V.K.
245 10 - TITLE STATEMENT
Title Digital signal processing :
260 ## - PUBLICATION, DISTRIBUTION, ETC. (IMPRINT)
Place of publication [S.l.] :
Name of publisher S Chand & Co Ltd,
Year of publication 2011.
300 ## - PHYSICAL DESCRIPTION
Number of Pages 319 p. ;
856 40 - ELECTRONIC LOCATION AND ACCESS
Uniform Resource Identifier http://www.amazon.com/exec/obidos/ASIN/chopaconline-20
Holdings
Withdrawn status Lost status Collection code Home library Current library Date acquired Cost, normal purchase price Full call number Accession Number Koha item type
    Reference Reference Section Reference Section 13/07/2014 381.00 621.382KHA (Shelf - 58A) 41008 Books

Copyright © 2018,The QUEST, Nawabshah, Shaheed Benazirabad. All rights reserved
Mr. G. Farooq Channar (Librarian) QUEST, Nawabshah, Sindh, Pakistan 67480.
 Ph#: |   0244-9370381-4 Ext. 2308   Email| lib@quest.edu.pk   Web|  http://www.quest.edu.pk